<?xml version="1.0" encoding="UTF-8"?>
<collection xmlns="http://www.loc.gov/MARC21/slim">
 <record>
  <leader>06289nam a2200469 a 4500</leader>
  <controlfield tag="001">kal1295</controlfield>
  <controlfield tag="003">Gr-AtHEAL</controlfield>
  <controlfield tag="005">20160421082032.0</controlfield>
  <controlfield tag="006">m        d        </controlfield>
  <controlfield tag="008">160413s2015    gr      s           gre|c</controlfield>
  <datafield tag="020" ind1=" " ind2=" ">
   <subfield code="a">9789606031175</subfield>
  </datafield>
  <datafield tag="040" ind1=" " ind2=" ">
   <subfield code="a">GR-AtHEAL</subfield>
   <subfield code="b">gre</subfield>
   <subfield code="c">GR-AtHEAL</subfield>
  </datafield>
  <datafield tag="082" ind1="0" ind2="4">
   <subfield code="a">372.704</subfield>
   <subfield code="2">23</subfield>
  </datafield>
  <datafield tag="100" ind1="1" ind2=" ">
   <subfield code="a">Σκουμπουρδή, Χρυσάνθη.</subfield>
   <subfield code="8">330</subfield>
  </datafield>
  <datafield tag="245" ind1="1" ind2="3">
   <subfield code="a">Το παιχνίδι στη μαθηματική εκπαίδευση των μικρών παιδιών</subfield>
   <subfield code="h">[Ηλεκτρονικός πόρος] </subfield>
   <subfield code="c">Σκουμπουρδή,Χρυσάνθη ; Κριτικός αναγνώστης,Καλαβάσης, Φραγκίσκος ; Τεχνική επιμέλεια,Χατζημιχάλης, Μάριος -Τσαμπίκος ; Τεχνική επιμέλεια,Μιχαηλίδης,Αντώνιος.</subfield>
  </datafield>
  <datafield tag="260" ind1=" " ind2=" ">
   <subfield code="a">Αθήνα :</subfield>
   <subfield code="b">Σύνδεσμος Ελληνικών Ακαδημαϊκών Βιβλιοθηκών,</subfield>
   <subfield code="c">c2015.</subfield>
  </datafield>
  <datafield tag="490" ind1=" " ind2=" ">
   <subfield code="a">Ακαδημαϊκά Ηλεκτρονικά Συγγράμματα και Βοηθήματα Κάλλιπος</subfield>
   <subfield code="8">40</subfield>
  </datafield>
  <datafield tag="505" ind1="0" ind2=" ">
   <subfield code="a">Εισαγωγή Α΄ ΜέροςΘεωρητικά ζητήματα για το παιχνίδιΑ.1 Οι διαδρομές του παιχνιδιού στο πέρασμα των χρόνωνΑ.2 Θεωρίες για το παιχνίδιΑ.3 Θεωρία Παιγνίων Β΄ ΜέροςΕρευνητικά ζητήματα για το παιχνίδιΒ.1 Στάσεις και απόψεις για το παιχνίδι στη μαθηματική εκπαίδευσηΒ.2 Συνέπειες από την ένταξη παιχνιδιών στη μαθηματική εκπαίδευσηΓ΄ ΜέροςΖητήματα της εκπαιδευτικής πράξης για το παιχνίδιΓ.1 Το παιχνίδι στον διδακτικό σχεδιασμό της μαθηματικής εκπαίδευσηςΓ.2 Παιχνίδι, παιγνιώδης δραστηριότητα, τυπική δραστηριότηταΓ.3 Κατηγορίες και παραδείγματα παιχνιδιών για τα μαθηματικάΔ΄ ΜέροςΖητήματα σχεδιασμού για το παιχνίδιΔ.1 Αρχές σχεδιασμού και ανάπτυξης εκπαιδευτικού παιχνιδιού για τα μαθηματικά. Παραδείγματα σχεδιασμένων εκπαιδευτικών παιχνιδιών Δ.2 Δημιουργία εκπαιδευτικών παιχνιδιών στην τάξη των μαθηματικώνΕ΄ ΜέροςΠαράρτημαΕπίλογος</subfield>
  </datafield>
  <datafield tag="520" ind1=" " ind2=" ">
   <subfield code="a">Στόχος του βιβλίου είναι να συνεισφέρει στον διάλογο που δημιουργείται για το παιχνίδι στη μαθηματική εκπαίδευση των μικρών παιδιών (4-7 ετών). Εστιάζοντας στις βασικές συνισταμένες για τη σχεδιασμένη ένταξη του παιχνιδιού στη μαθηματική εκπαίδευση δημιουργούνται νέα ερωτήματα και προκύπτουν προβληματισμοί, μέσα από τα κεφάλαια του βιβλίου. Στα τέσσερα μέρη του βιβλίου, τα οποία αναπτύσσονται σε δέκα κεφάλαια, γίνεται διαπραγμάτευση των επιστημολογικών θεωρήσεων του παιχνιδιού σε σχέση με την παιδική ηλικία, την εκπαίδευση και τα μαθηματικά, των ιδιαίτερων χαρακτηριστικών και των ιδιαιτεροτήτων των διαφορετικών ειδών παιχνιδιού, των ερευνητικών δεδομένων αφενός για τη χρήση παιχνιδιών για την προσέγγιση των μαθηματικών και αφετέρου για τις απόψεις των εμπλεκομένων στην εκπαιδευτική διαδικασία, καθώς και των θεμάτων σχεδιασμού για τη δημιουργία και διαχείριση εκπαιδευτικών παιχνιδιών. Στοιχείων, δηλαδή, για τη σχεδιασμένη ένταξη του παιχνιδιού, ως δραστηριότητας και ως υλικού στη μαθηματική εκπαίδευση των μικρών παιδιών.</subfield>
  </datafield>
  <datafield tag="650" ind1=" " ind2="0">
   <subfield code="a">Games in mathematics education.</subfield>
   <subfield code="8">1724</subfield>
  </datafield>
  <datafield tag="653" ind1=" " ind2=" ">
   <subfield code="a">Ιδέες για παιχνίδια</subfield>
  </datafield>
  <datafield tag="653" ind1=" " ind2=" ">
   <subfield code="a">Στάσεις και απόψεις για το παιχνίδι</subfield>
  </datafield>
  <datafield tag="653" ind1=" " ind2=" ">
   <subfield code="a">Παραδείγματα παιχνιδιών</subfield>
  </datafield>
  <datafield tag="653" ind1=" " ind2=" ">
   <subfield code="a">Κατηγορίες παιχνιδιών</subfield>
  </datafield>
  <datafield tag="653" ind1=" " ind2=" ">
   <subfield code="a">Διδακτικός σχεδιασμός</subfield>
  </datafield>
  <datafield tag="653" ind1=" " ind2=" ">
   <subfield code="a">Παραδείγματα σχεδιασμένων παιχνιδιών</subfield>
  </datafield>
  <datafield tag="653" ind1=" " ind2=" ">
   <subfield code="a">Διδακτική μαθηματικών</subfield>
  </datafield>
  <datafield tag="653" ind1=" " ind2=" ">
   <subfield code="a">Διαχείριση παιχνιδιού</subfield>
  </datafield>
  <datafield tag="653" ind1=" " ind2=" ">
   <subfield code="a">Αξιολόγηση παιχνιδιού</subfield>
  </datafield>
  <datafield tag="653" ind1=" " ind2=" ">
   <subfield code="a">Σχεδιασμός παιχνιδιού</subfield>
  </datafield>
  <datafield tag="653" ind1=" " ind2=" ">
   <subfield code="a">Μάθηση μέσω παιχνιδιού</subfield>
  </datafield>
  <datafield tag="653" ind1=" " ind2=" ">
   <subfield code="a">Θεωρία παιχνιδιού</subfield>
  </datafield>
  <datafield tag="653" ind1=" " ind2=" ">
   <subfield code="a">Μαθηματική εκπαίδευση</subfield>
  </datafield>
  <datafield tag="653" ind1=" " ind2=" ">
   <subfield code="a">Παιχνίδι</subfield>
  </datafield>
  <datafield tag="653" ind1=" " ind2=" ">
   <subfield code="a">Εκπαίδευση και επιστήμες της αγωγής</subfield>
   <subfield code="a">Εκπαιδευτικές πολιτικές</subfield>
   <subfield code="a">Εκπαιδευτική ανάπτυξη</subfield>
  </datafield>
  <datafield tag="653" ind1=" " ind2=" ">
   <subfield code="a">Μαθηματικά</subfield>
   <subfield code="a">Μαθηματική εκπαίδευση(διδακτική μαθηματικών)</subfield>
  </datafield>
  <datafield tag="700" ind1="1" ind2=" ">
   <subfield code="a">Καλαβάσης, Φραγκίσκος</subfield>
   <subfield code="e">Κριτικός αναγνώστης</subfield>
   <subfield code="8">339</subfield>
  </datafield>
  <datafield tag="856" ind1="4" ind2="0">
   <subfield code="u">http://hdl.handle.net/11419/1295</subfield>
   <subfield code="z">Πλήρες Κείμενο - Full text</subfield>
  </datafield>
  <datafield tag="907" ind1=" " ind2=" ">
   <subfield code="a">.b25677081</subfield>
   <subfield code="b">12-06-18</subfield>
   <subfield code="c">29-07-16</subfield>
  </datafield>
  <datafield tag="949" ind1=" " ind2=" ">
   <subfield code="0">0</subfield>
   <subfield code="1">0</subfield>
   <subfield code="2">ddc</subfield>
   <subfield code="4">0</subfield>
   <subfield code="6">372_704000000000000_ΣΚΟ</subfield>
   <subfield code="7">0</subfield>
   <subfield code="8">KALL</subfield>
   <subfield code="8">466</subfield>
   <subfield code="d">2016-04-13</subfield>
   <subfield code="r">2016-04-13</subfield>
   <subfield code="w">2016-04-13</subfield>
   <subfield code="z">372.704 ΣΚΟ</subfield>
   <subfield code="o">SEAB KALLIPOS</subfield>
  </datafield>
  <datafield tag="998" ind1=" " ind2=" ">
   <subfield code="a">80</subfield>
   <subfield code="a">01</subfield>
   <subfield code="a">02</subfield>
   <subfield code="a">03</subfield>
   <subfield code="a">04</subfield>
   <subfield code="a">05</subfield>
   <subfield code="a">06</subfield>
   <subfield code="a">07</subfield>
   <subfield code="a">08</subfield>
   <subfield code="a">09</subfield>
   <subfield code="a">10</subfield>
   <subfield code="a">11</subfield>
   <subfield code="a">12</subfield>
   <subfield code="a">13</subfield>
   <subfield code="a">14</subfield>
   <subfield code="a">15</subfield>
   <subfield code="a">16</subfield>
   <subfield code="a">17</subfield>
   <subfield code="a">18</subfield>
   <subfield code="a">19</subfield>
   <subfield code="a">20</subfield>
   <subfield code="a">21</subfield>
   <subfield code="a">22</subfield>
   <subfield code="a">23</subfield>
   <subfield code="a">24</subfield>
   <subfield code="a">25</subfield>
   <subfield code="a">26</subfield>
   <subfield code="b">15-06-08</subfield>
   <subfield code="c">m</subfield>
   <subfield code="d">z  </subfield>
   <subfield code="e">-</subfield>
   <subfield code="f">gre</subfield>
   <subfield code="g">gr </subfield>
   <subfield code="h">3</subfield>
  </datafield>
  <datafield tag="942" ind1=" " ind2=" ">
   <subfield code="2">ddc</subfield>
   <subfield code="c">KALLIPOS</subfield>
  </datafield>
 </record>
</collection>
